Statistics for Countries Along the Atlantic Ocean

Click here to take the quiz!

General Stats

  • This quiz has been taken 16 times
    (13 since last reset)
  • The average score is 74 of 86

Answer Stats

Countries% Correct
Land CountryAngola
100%
Land CountryAngola
100%
Land CountryBenin
100%
Land CountryCameroon
100%
Land CountryDemocratic Republic
of the Congo
100%
Land CountryEquatorial Guinea
100%
Land CountryGabon
100%
Land CountryGambia
100%
Land CountryGhana
100%
Land CountryGuinea
100%
Land CountryGuinea-Bissau
100%
Land CountryIvory Coast
100%
Land CountryLiberia
100%
Land CountryMauritania
100%
Land CountryMorocco
100%
Land CountryNamibia
100%
Land CountryNigeria
100%
Land CountryRepublic of
the Congo
100%
Land CountrySenegal
100%
Land CountrySenegal
100%
Land CountrySierra Leone
100%
Land CountrySpain
100%
Land CountryTogo
100%
Land CountryAlgeria
92%
Land CountryEgypt
92%
Land CountryIsrael
92%
Land CountryLebanon
92%
Land CountryLibya
92%
Land CountryMorocco
92%
Land CountryMorocco
92%
Land CountrySpain
92%
Land CountrySyria
92%
Land CountryTunisia
92%
Land CountryTurkey
92%
Land CountryArgentina
83%
Land CountryBelize
83%
Land CountryBrazil
83%
Land CountryCanada
83%
Land CountryColombia
83%
Land CountryCosta Rica
83%
Land CountryFrance
83%
Land CountryGuatemala
83%
Land CountryGuyana
83%
Land CountryHonduras
83%
Land CountryMexico
83%
Land CountryNicaragua
83%
Land CountryPanama
83%
Land CountrySuriname
83%
Land CountryUnited States
of America
83%
Land CountryUruguay
83%
Land CountryVenezuela
83%
Land CountryAlbania
75%
Land CountryBelgium
75%
Land CountryBosnia and
Herzegovina
75%
Land CountryBulgaria
75%
Land CountryCroatia
75%
Land CountryCroatia
75%
Land CountryDenmark
75%
Land CountryEstonia
75%
Land CountryFinland
75%
Land CountryFrance
75%
Land CountryFrance
75%
Land CountryFrance
75%
Land CountryGeorgia
75%
Land CountryGermany
75%
Land CountryGermany
75%
Land CountryGreece
75%
Land CountryItaly
75%
Land CountryLatvia
75%
Land CountryLithuania
75%
Land CountryMonaco
75%
Land CountryMontenegro
75%
Land CountryNetherlands
75%
Land CountryNorway
75%
Land CountryPoland
75%
Land CountryPortugal
75%
Land CountryRomania
75%
Land CountryRussia
75%
Land CountryRussia
75%
Land CountryRussia
75%
Land CountrySlovenia
75%
Land CountrySpain
75%
Land CountrySpain
75%
Land CountrySweden
75%
Land CountryTurkey
75%
Land CountryUkraine
75%

Score Distribution

Percentile by Number Answered

Percent of People with Each Score

Your Score History

You have not taken this quiz since the last reset